Dividendy v roku 2017
Podiel na zisku - dividenda - vyplácaný zo zisku obchodnej spoločnosti alebo družstva, podiel na likvidačnom zostatku, vyrovnací podiel a podiel na výsledku podnikania vyplácaný tichému spoločníkovi. Dividendy ako príjem fyzických osôb, zdanenie príjmu. Dividendy plynúce právnickej osobe.
Enregistré dans:
| Auteur principal: | |
|---|---|
| Format: | Chapitre de livre |
| Langue: | slovaque |
| Sujets: | |
| Tags: |
Pas de tags, Soyez le premier à ajouter un tag!
|
MARC
| LEADER | 00000naa a2200000 4500 | ||
|---|---|---|---|
| 001 | 0234150 | ||
| 005 | 20170703090109.4 | ||
| 041 | 0 | |a slo | |
| 044 | |a SK | ||
| 245 | 1 | 0 | |a Dividendy v roku 2017 |c Ján Mintál |
| 520 | |a Podiel na zisku - dividenda - vyplácaný zo zisku obchodnej spoločnosti alebo družstva, podiel na likvidačnom zostatku, vyrovnací podiel a podiel na výsledku podnikania vyplácaný tichému spoločníkovi. Dividendy ako príjem fyzických osôb, zdanenie príjmu. Dividendy plynúce právnickej osobe. | ||
| 610 | 2 | 0 | |a dividendy |
| 610 | 2 | 0 | |a zdaňovanie |
| 610 | 2 | 0 | |a osoby fyzické |
| 610 | 2 | 0 | |a osoby právnické |
| 100 | 1 | |a Mintál, Ján | |